Catálogo público

Dietary fiber : chemistry, physiology and health effects / (Record no. 167012)

MARC details
000 -CABECERA
campo de control de longitud fija 00843nam a2200277Ia 4500
001 - NÚMERO DE CONTROL
campo de control Z_3951
003 - IDENTIFICADOR DEL NÚMERO DE CONTROL
campo de control CHAP
008 - DATOS DE LONGITUD FIJA--INFORMACIÓN GENERAL
campo de control de longitud fija 220113s1990 xx 000 0 und d
010 ## - NÚMERO DE CONTROL DE LA BIBLIOTECA DEL CONGRESO
Número de control de LC 167012
040 ## - FUENTE DE LA CATALOGACIÓN
Centro/agencia transcriptor CHAP
082 ## - NÚMERO DE LA CLASIFICACIÓN DECIMAL DEWEY
Número de clasificación 613.2 K7
100 ## - ENTRADA PRINCIPAL--NOMBRE DE PERSONA
Nombre de persona Kritchevsky, David
9 (RLIN) 141181
245 ## - MENCIÓN DE TÍTULO
Título Dietary fiber : chemistry, physiology and health effects /
Mención de responsabilidad, etc. Ed. by David Kritchevsky, Charles Bonfield and James W. Anderson
260 ## - PUBLICACIÓN, DISTRIBUCIÓN, ETC.
Lugar de publicación, distribución, etc. New York :
Nombre del editor, distribuidor, etc. Plenum,
Fecha de publicación, distribución, etc. 1990
300 ## - DESCRIPCIÓN FÍSICA
Extensión 499 p.
440 ## - MENCIÓN DE SERIE/PUNTO DE ACCESO ADICIONAL--TÍTULO
Título
500 ## - NOTA GENERAL
Nota general Proceedings of the George Vahouny Fiber Conference, held april 19-21, 1988. In Washington, D.C.
503 ## - NOTA DE HISTORIA BIBLIOGRÁFICA (BK CF MU) [OBSOLETO]
Nota de historia bibliográfica 180372
650 ## - PUNTO DE ACCESO ADICIONAL DE MATERIA--TÉRMINO DE MATERIA
Término de materia o nombre geográfico como elemento de entrada Fibra en nutrición humana
Subdivisión general Congresos I. Bonfield, Charles II. Anderson, James W
9 (RLIN) 141182
901 ## - ELEMENTOS DE DATOS A LOCAL LDA (RLIN)
a 613.2 K7
902 ## - ELEMENTOS DE DATOS B LOCAL, LDB (RLIN)
a A
910 ## - DATOS DE OPCIÓN DEL USUARIO (OCLC)
Datos de opción del usuario 1990
942 ## - ELEMENTOS DE PUNTO DE ACCESO ADICIONAL (KOHA)
Tipo de ítem Koha Libro_
942 ## - ELEMENTOS DE PUNTO DE ACCESO ADICIONAL (KOHA)
Tipo de ítem Koha
Holdings
Estado de retiro Estado de pérdida Fuente del sistema de clasificación o colocación Estado dañado No para préstamo Código de colección Localización permanente Ubicación/localización actual Ubicación en estantería Fecha de adquisición Código de barras Fecha visto por última vez Número de copia Precio válido a partir de Tipo de ítem Koha
    Dewey Decimal Classification     General Zootecnia Zootecnia   09/11/2005 z_4234 18/01/2022 1 18/01/2022 Libro